000 00535nam a2200181Ia 4500
003 GCL
008 140319s9999 xx 000 0 ara d
040 _aGCL /
_cGCL
082 0 4 _a956
_bم د
100 1 _aمسعود ضاهر
245 1 0 _aالدولة والمجتمع فى المشرق العربى 1840 - 1990 /
_cمسعود ضاهر
300 _a466 ص
490 _a100 قصة
_v0
650 0 4 _aالعالم العربى
650 0 4 _aالشرق الاوسط
650 0 4 _aالقانون والسياسة
942 _2ddc
_cBK
999 _c46361
_d46361